Culture Générale - Série 1363 - Statistiques

Statistiques générales
  • Ce quiz a été pris 81 fois
  • Le résultat moyen est 6 sur 10
Statistiques - réponses
Question Réponse % Correct
Quel mot d'origine bretonnne, signifiant "pierre longue", désigne un monument mégalithique cher à Obélix ? menhir
95%
Comment nomme-t-on le cachet officiel, employé pour authentifier un acte, et qui est un élément de l'autre nom du ministre de la Justice ? sceau
86%
Quel nom norvégien, signifiant "hommes qui entrent dans les baies", est donné aux guerriers Scandinaves qui menèrent des expéditions maritimes du VIIIe au XIe s. ? Vikings
84%
Dans le conte "Les Musiciens de Brême" des frères Grimm, les quatre animaux musiciens sont un âne, un coq, un chien et... un chat
68%
Quelle mer communique avec la mer d'Azov par le détroit de Kertch ? mer Noire
58%
Quel écrivain provençal est l'auteur du roman "Le Hussard sur le toit" ? Jean Giono
54%
Quel pays borde la rive orientale de la mer Morte ? Jordanie
51%
En 1974, quelle chanteuse, prénommée Marie, interprète “Cadeau” ? Marie Laforêt
42%
Quel animal est Gary, le compagnon du personnage de Bob l'éponge, dans le dessin animé du même nom ? escargot
36%
De 1991 à 1995, avec quelle mannequin Richard Gere forme-t-il l'un des couples les plus glamour d'Hollywood ? Cindy Crawford
27%
Aucun quiz correspondant
Distribution des résultats
% des personnes avec chaque résultat
Percentile par nombre de réponses
Votre historique - résultats
Vous n’avez pas pris ce quiz